00335nam a2200133Ia 4500003000400000008004100004040001600045082002000061245004000081260002800121490000500149650001900154650002800173GCL140319s9999 xx 000 0 ara d aGCL / cGCL04aكاسيتb37710aتاريخ حياة ام كلثوم a[S.N] : bلا يوجد a04aالاغانى04aشرائط كاسيت